| 000 | 00991nam a22002297a 4500 | ||
|---|---|---|---|
| 999 |
_c164956 _d164956 |
||
| 005 | 20190802124556.0 | ||
| 010 | _aB-728356 B-728378-379 | ||
| 020 |
_a9789352603633 _c800.00 |
||
| 035 | _aB-728356 | ||
| 035 | _aB-728378-379 | ||
| 037 | _bRK Books | ||
| 082 | _a320.954 | ||
| 100 | _aLaxmikanth,M. | ||
| 245 |
_aIndian polity for civil services examinations / _cby M. Laxmikanth |
||
| 250 | _a5th ed | ||
| 260 |
_aChennai _bMcGraw Hill Education _c2019 (repr.) |
||
| 270 |
_a444/1, Sri Ekambara Naicker Industrial Estate, Alapakkam, Porur _bChennai _e600116 |
||
| 300 |
_avarious pagings _c24cm(pbk) |
||
| 942 |
_2ddc _cEN _h320.954 _mLAX |
||